000 01173pam a2200301 a 4500
001 3979216
003 Nust- CAS-E
005 20180118181402.0
008 950524s1995 miua b 001 0 eng
010 _a 95022580
020 _a093794811X
040 _aDLC
_cDLC
_dDLC
050 0 0 _aTK2960
_b.K65 1995
082 0 0 _a621.31/244
_220
_bKOM 1995
100 1 _aKomp, Richard J.
245 1 0 _aPractical photovoltaics :
_belectricity from solar cells /
_cRichard J. Komp ; introduction by John Perlin.
250 _a3rd ed.
260 _aAnn Arbor, Mich. :
_bAatec Publications,
_c1995.
300 _axvii, 197 p. :
_bill. ;
_c23 cm.
504 _aIncludes bibliographical references and index.
650 0 _aSolar cells.
650 0 _aPhotovoltaic power generation.
856 4 2 _3Contributor biographical information
_uhttp://www.loc.gov/catdir/enhancements/fy1311/95022580-b.html
856 4 2 _3Publisher description
_uhttp://www.loc.gov/catdir/enhancements/fy1311/95022580-d.html
906 _a7
_bcbc
_corignew
_d1
_eocip
_f19
_gy-gencatlg
942 _2ddc
_cBK
999 _c355467
_d355467